Memoria sobre la pesca en Chile
保存先:
| 第一著者: | |
|---|---|
| 団体著者: | |
| フォーマット: | 図書 |
| 言語: | スペイン語 |
| 出版事項: |
Valparaíso
Talleres tipográficos de la Armada
1900
|
| 版: | 1a. ed |
| 主題: | |
| タグ: |
タグ追加
タグなし, このレコードへの初めてのタグを付けませんか!
|
MARC
| LEADER | 00000nam a2200000 a 4500 | ||
|---|---|---|---|
| 001 | UCJ5966 | ||
| 003 | CL-VaPUC | ||
| 008 | 070124e19000128CL |||||||||||||||||spa|d | ||
| 082 | 0 | 4 | |a 918.3 |b POM |2 21 |
| 100 | 0 | |a Pomar,Luis |e author |9 506620 | |
| 110 | 2 | |a VI Congreso Científico Jeneral, La Serena 1900 |e author |9 512006 | |
| 245 | 1 | 0 | |a Memoria sobre la pesca en Chile |
| 250 | |a 1a. ed | ||
| 300 | |a 54 p | ||
| 942 | |c BK | ||
| 945 | |d 20070124 00:00:00 |a rinostro | ||
| 260 | |a Valparaíso |b Talleres tipográficos de la Armada |c 1900 | ||
| 650 | 0 | |a Pesca |9 258707 | |
| 650 | 0 | |a Recursos naturales |9 255232 | |
| 583 | |a last modification |c 20070124 00:00:00 |k Rodrigo Vera | ||
| 999 | |c 322074 |d 322072 | ||
| 952 | |0 0 |1 0 |4 0 |6 918_300000000000000_POM_1900 |7 0 |8 X |9 400986 |a FDOBUD |b FDOBUD |d 2019-11-22 |i 1042122 |o 918.3 POM 1900 |p 1042122 |r 2019-11-22 |w 2019-11-22 |y BK_X |k BUD | ||